|
|
|
|
| LEADER |
00000nam a2200000 a 4500 |
| 001 |
vtls001058286 |
| 003 |
SK-MaSNL |
| 005 |
20260302063619.0 |
| 008 |
250414s1995 xo p r y slo |
| 015 |
|
|
|a SNBA1995/0701952
|
| 020 |
|
|
|a 8088810019
|
| 035 |
|
|
|a SNK000001102
|
| 035 |
|
|
|a urn:nbn:sk:snk-amk5gt
|
| 035 |
|
|
|a urn:nbn:sk:snk-am0055b7
|
| 035 |
|
|
|a EBF7328C-57BC-47A0-9DCA-470ED396BBDD
|
| 040 |
|
|
|a SNK
|b slo
|c SNK
|e AACR2
|
| 041 |
0 |
|
|a slo
|
| 044 |
|
|
|a xo
|c SK
|
| 080 |
|
|
|a 336.272(094)
|2 1981
|
| 100 |
1 |
|
|a Piršelová, Dagmar
|4 aut
|9 194806
|
| 245 |
1 |
0 |
|a Zdaňovanie príjmov zo závislej činnosti v otázkach a odpovediach
|b predpisy o daniach z príjmov : ročné a mesačné daňové tabuľky
|c Dagmar Piršelová
|
| 260 |
|
|
|a Bratislava
|b Epos
|c 1995
|
| 300 |
|
|
|a 248 s.
|b Tab.
|c 21 cm
|
| 650 |
0 |
7 |
|a dane z príjmov
|x predpisy právne
|2 SNK
|9 725110
|
| 655 |
|
7 |
|a príručky
|2 SNK
|9 74364
|
| 852 |
|
|
|a Slovenská národná knižnica
|
| 919 |
|
|
|a 80-88810-01-9
|
| 954 |
|
|
|a daň z príjmov
|
| 958 |
|
|
|a TL
|
| 999 |
|
|
|c 1133174
|d 1135104
|
| 952 |
|
|
|t P60, <09>, [BOOK], {629}
|a SNK
|b SNK
|y NEVYP
|7 0
|o snkC 1027
|i snk2001/950615
|0 0
|1 0
|4 0
|d 1995-06-13
|l 0
|r 2004-12-31 00:00:00
|w 2026-02-24
|
| 952 |
|
|
|t P60, <03>, [BOOK], {603}
|a SNK
|b SNK
|y PREZ
|7 0
|o snkSC 88530
|i snkKSP 5737/95
|0 0
|1 0
|4 0
|d 1995-06-13
|l 0
|r 2004-12-31 00:00:00
|w 2026-02-24
|
| 952 |
|
|
|t P60, <04>, [BOOK], {604}
|a SNK
|b SNK
|y VYP
|7 0
|p 17A0017867
|o snkSC 88530 D1
|i snkKSP 5738/95
|0 0
|1 0
|4 0
|d 1995-06-13
|l 0
|r 2004-12-31 00:00:00
|w 2026-02-24
|
| 952 |
|
|
|a SNK
|b SNK
|y PREZ
|7 0
|p 17A1013509
|o snkSC 88530
|0 0
|1 0
|4 0
|d 2012-08-20
|f 1
|l 0
|r 2025-09-08 00:00:00
|w 2026-02-24
|